Score 0/30 Timer 06:00
0 Plays Today
% Correct
INJECTION
79.9%
GUILT
79%
BACKWARD
78.6%
REWORN
78%
REMAINING
77.3%
FLAME
76.9%
LOCAL
76.4%
CARTRIDGE
76.3%
OVATION
75.9%
REPENTING
75.9%
CONFUSION
74.9%
RESOLUTION
74.8%
REGRESSED
74.7%
HEADGEAR
74.2%
INSURE
74%
% Correct
PRONE
73.5%
INTENTION
71.6%
CHILD
70.9%
RETRACTION
70.4%
DISPLAYING
70.4%
BEARDS
70.1%
COATED
69.2%
FLINTY
69%
UNDERTAKE
68.2%
STORED
68%
RESIDE
67.7%
COVERED
65.9%
DERIDE
63.3%
CROWDED
63.2%
BURYING
52.9%
Remove Ads.
Support Sporcle.
Get the best of Sporcle when you Go Orange. This ad-free experience offers more features, more stats, and more fun while also helping to support Sporcle. Thank you for becoming a member.

You're not logged in!

Compare scores with friends on all Sporcle quizzes.
OR
Log In

Show Comments

Extras

Top Quizzes Today


Score Distribution

Your Account Isn't Verified!

In order to create a playlist on Sporcle, you need to verify the email address you used during registration. Go to your Sporcle Settings to finish the process.

Report this User

Report this user for behavior that violates our Community Guidelines.

Details: